000 00569nam a2200229Ia 4500
003 OSt
005 20221005132822.0
006 a|||||r|||| 00| 0
007 ta
008 221004b |||||||| |||| 00| 0 mal d
024 _a52864
037 _cTextual
040 _aCRL
_cCRL
_bmal
041 _2mal
_amal
082 _aKZ, 32K3
100 _aNair Prabhakaran Au.
_9641710
245 0 _aValavthuyanthu parirakshanam
260 _c1963
650 _aZOOLOGY
942 _hKZ, 32K3
_cTEXL
_2cc
999 _c1064919
_d1064919